Indian birds in focus : (Record no. 42247)
[ view plain ]
| 000 -LEADER | |
|---|---|
| fixed length control field | 02458nam a22003257a 4500 |
| 005 - DATE AND TIME OF LATEST TRANSACTION | |
| control field | 2010081707017.0 |
| 010 ## - LCCN (DPL NO) | |
| LC control number | ENG-100648 |
| 020 ## - INTERNATIONAL STANDARD BOOK NUMBER | |
| International Standard Book Number | 9788183281386 |
| Terms of availability | 695.00 |
| 035 ## - SYSTEM CONTROL NUMBER | |
| System control number | EN-84181 |
| 037 ## - SOURCE OF ACQUISITION | |
| Source of stock number/acquisition | DBAD/PUB |
| 082 ## - DEWEY DECIMAL CLASSIFICATION NUMBER | |
| Classification number | 598.0954 |
| 100 ## - MAIN ENTRY--PERSONAL NAME | |
| Personal name | Samarpan, Amano |
| 245 ## - TITLE STATEMENT | |
| Title | Indian birds in focus : |
| Remainder of title | birds of the Indian subcontinent and their habitats / |
| Statement of responsibility, etc | by Amano Samarpan |
| 260 ## - PUBLICATION, DISTRIBUTION, ETC. (IMPRINT) | |
| Place of publication, distribution, etc | New Delhi |
| Name of publisher, distributor, etc | Wisdom Tree |
| Date of publication, distribution, etc | 2009 |
| 270 ## - ADDRESS | |
| Address | 4779/23, Ansari Road, Darya Ganj |
| City | New Delhi |
| Postal code | 2 |
| 300 ## - PHYSICAL DESCRIPTION | |
| Extent | 115p. |
| Dimensions | 28cm (Hb) |
| Accompanying material | photos |
| 500 ## - GENERAL NOTE | |
| General note | Includes bibliographical references and index |
| 650 ## - SUBJECT ADDED ENTRY--TOPICAL TERM | |
| Topical term or geographic name as entry element | Birds |
| 650 ## - SUBJECT ADDED ENTRY--TOPICAL TERM | |
| Topical term or geographic name as entry element | Birds-Habitats |
| Geographic subdivision | India |
| 942 ## - ADDED ENTRY ELEMENTS (KOHA) | |
| Source of classification or shelving scheme | Dewey Decimal Classification |
| Item type | English Books |
| Classification part | 598.0954 |
| Call number suffix | SAM |
| Withdrawn status | Lost status | Not for loan | Collection code | Home library | Current library | Date acquired | Source of acquisition | Cost, normal purchase price | Full call number | Barcode | Copy number | Cost, replacement price | Koha item type |
|---|---|---|---|---|---|---|---|---|---|---|---|---|---|
| Non-fiction | Bawana | Bawana | 04/08/2011 | Allied/DE/2010/CR/0003015/31.3.11/293/24.3.11/191/31.3.11 | 695.00 | 598.0954 SAM | B-437469 | 1 | 695.00 | English Books | |||
| Non-fiction | Central Library | Central Library | 04/08/2011 | Allied/DE/2010/CR/0003015/31.3.11/293/24.3.11/191/31.3.11 | 695.00 | 598.0954 SAM | B-437464 | 1 | 695.00 | English Books | |||
| Not For Loan | Non-fiction | D.B.Act.Division | D.B.Act.Division | 17/08/2010 | DBAD/PUB | 695.00 | 598.0954 SAM | EN-84181 | 1 | 695.00 | English Books | ||
| Non-fiction | Janak Puri | Janak Puri | 04/08/2011 | Allied/DE/2010/CR/0003015/31.3.11/293/24.3.11/191/31.3.11 | 695.00 | 598.0954 SAM | B-437466 | 1 | 695.00 | English Books | |||
| Non-fiction | Narela | Narela | 04/08/2011 | Allied/DE/2010/CR/0003015/31.3.11/293/24.3.11/191/31.3.11 | 695.00 | 598.0954 SAM | B-437470 | 1 | 695.00 | English Books | |||
| Non-fiction | Patel Nagar | Patel Nagar | 04/08/2011 | Allied/DE/2010/CR/0003015/31.3.11/293/24.3.11/191/31.3.11 | 695.00 | 598.0954 SAM | B-437465 | 1 | 695.00 | English Books | |||
| Non-fiction | Sarojini Nagar | Sarojini Nagar | 04/08/2011 | Allied/DE/2010/CR/0003015/31.3.11/293/24.3.11/191/31.3.11 | 695.00 | 598.0954 SAM | B-437467 | 1 | 695.00 | English Books | |||
| Non-fiction | Shahdara Branch | Shahdara Branch | 04/08/2011 | Allied/DE/2010/CR/0003015/31.3.11/293/24.3.11/191/31.3.11 | 695.00 | 598.0954 SAM | B-437471 | 1 | 695.00 | English Books | |||
| Non-fiction | Vinoba Puri | Vinoba Puri | 04/08/2011 | Allied/DE/2010/CR/0003015/31.3.11/293/24.3.11/191/31.3.11 | 695.00 | 598.0954 SAM | B-437468 | 1 | 695.00 | English Books |
